000 00645nam a2200229 a 4500
005 20140310183436.0
008 080130s19uu xx 00 eng d
020 _a9780787986315
050 _aHM 263
_b.Ar7864 2007
100 _aAronson, Merry
245 _aThe public relations writer's handbook :
_bthe digital age /
_cMerry Aronson.
250 _a2nd ed.
260 _aU.S.A :
_bJossey-Bass,
_c2007.
300 _a349 p. :
_bill. ;
_c25 cm.
521 _aMC
650 _aPublic relations.
650 _aPublic relations
_xAuthorship.
700 _aSpetner, Don
700 _aAmes, Carol
942 _cBK
_2lcc
_kFOR
999 _c22888
_d22888